| 000 | 00786nam a22002057a 4500 | ||
|---|---|---|---|
| 999 |
_c18563 _d18563 |
||
| 003 | AR-CdUCM | ||
| 008 | 190514b ||||| |||| 00| 0 spa d | ||
| 040 |
_aMUNICIPALIDAD PROVINCIAL DEL CUSCO _cBIBLIOTECA MUNICIPAL DEL CUSCO |
||
| 082 |
_a659 / _bB61 |
||
| 100 |
_aBlalock, Hubert M _939217 |
||
| 245 | _aIntroducción a la investigación social / | ||
| 260 |
_aMexico : _bCentro regional de ayuda tecnica, _c1970. |
||
| 300 |
_a135 paginas ; _c21 cm. |
||
| 505 | _aContenido: Falla en la comunicación -- Principios de diseño experimental -- Estudios exploratorios y descriptivos -- Explicación y teoria -- La medición... | ||
| 650 |
_aComunicación _94985 |
||
| 650 |
_aDiseño _914302 |
||
| 700 |
_aVarley, David _939218 |
||
| 942 |
_2ddc _cLIBROS |
||
| 945 |
_apjha _d2019-05-14 |
||